<?xml version="1.0" encoding="UTF-8"?>
<record
    xmlns:xsi="http://www.w3.org/2001/XMLSchema-instance"
    xsi:schemaLocation="http://www.loc.gov/MARC21/slim http://www.loc.gov/standards/marcxml/schema/MARC21slim.xsd"
    xmlns="http://www.loc.gov/MARC21/slim">

  <leader>00438nam a22001457a 4500</leader>
  <controlfield tag="008">220921b        |||||||| |||| 00| 0 eng d</controlfield>
  <datafield tag="020" ind1=" " ind2=" ">
    <subfield code="a">0310703816</subfield>
  </datafield>
  <datafield tag="050" ind1=" " ind2=" ">
    <subfield code="a">BX9750</subfield>
    <subfield code="b">.Y36 1995</subfield>
  </datafield>
  <datafield tag="100" ind1=" " ind2=" ">
    <subfield code="a">Yamamoto, J. Isamu</subfield>
  </datafield>
  <datafield tag="245" ind1=" " ind2=" ">
    <subfield code="a">Unification church/</subfield>
    <subfield code="c">J. Isamu yamamoto</subfield>
  </datafield>
  <datafield tag="260" ind1=" " ind2=" ">
    <subfield code="a">Grand Rapids, Michigan</subfield>
    <subfield code="b">Zondervan publishing House</subfield>
    <subfield code="c">2048</subfield>
  </datafield>
  <datafield tag="300" ind1=" " ind2=" ">
    <subfield code="a">85p.</subfield>
  </datafield>
  <datafield tag="650" ind1=" " ind2=" ">
    <subfield code="a">Unification church</subfield>
    <subfield code="v">Controversial literature</subfield>
  </datafield>
  <datafield tag="942" ind1=" " ind2=" ">
    <subfield code="2">lcc</subfield>
    <subfield code="c">BK</subfield>
  </datafield>
  <datafield tag="999" ind1=" " ind2=" ">
    <subfield code="c">19521</subfield>
    <subfield code="d">19520</subfield>
  </datafield>
  <datafield tag="952" ind1=" " ind2=" ">
    <subfield code="0">0</subfield>
    <subfield code="1">0</subfield>
    <subfield code="2">lcc</subfield>
    <subfield code="7">0</subfield>
    <subfield code="a">KABU</subfield>
    <subfield code="b">KABU</subfield>
    <subfield code="d">2022-09-21</subfield>
    <subfield code="g">2237.00</subfield>
    <subfield code="i">2048/2022</subfield>
    <subfield code="l">1</subfield>
    <subfield code="o">BX9750 .Y36 1995 c.1</subfield>
    <subfield code="p">032699</subfield>
    <subfield code="r">2023-06-06 00:00:00</subfield>
    <subfield code="s">2023-06-06</subfield>
    <subfield code="w">2022-09-21</subfield>
    <subfield code="y">040</subfield>
  </datafield>
  <datafield tag="952" ind1=" " ind2=" ">
    <subfield code="0">0</subfield>
    <subfield code="1">0</subfield>
    <subfield code="2">lcc</subfield>
    <subfield code="7">0</subfield>
    <subfield code="a">KABU</subfield>
    <subfield code="b">KABU</subfield>
    <subfield code="d">2022-09-21</subfield>
    <subfield code="g">2237.00</subfield>
    <subfield code="i">2048/2022</subfield>
    <subfield code="l">2</subfield>
    <subfield code="o">BX9750 .Y36 1995 c.2</subfield>
    <subfield code="p">35005</subfield>
    <subfield code="r">2023-06-06 00:00:00</subfield>
    <subfield code="s">2023-06-06</subfield>
    <subfield code="w">2022-09-21</subfield>
    <subfield code="y">040</subfield>
  </datafield>
</record>
